Vybrané faktory vývoja cestovného ruchu v EÚ pred pandémiou COVID
Rozvoj cestovného ruchu v Európskej únii pred pandémiou COVID-19 a zhodnotenie vývoja vybraných indikátorov cestovného ruchu. Analýza možných spoločných trajektórií vývoja odvetvia cestovného ruchu pomocou korelačnej analýzy.
Salvato in:
| Autore principale: | |
|---|---|
| Altri autori: | , |
| Natura: | Capitolo di libro |
| Lingua: | slovacco |
| Soggetti: | |
| Tags: |
Nessun Tag, puoi essere il primo ad aggiungerne!!
|
MARC
| LEADER | 00000naa$a2200000$$$4500 | ||
|---|---|---|---|
| 001 | 0278495 | ||
| 005 | 20240502074328.3 | ||
| 041 | 0 | |a slo | |
| 044 | |a SK | ||
| 245 | 1 | 0 | |a Vybrané faktory vývoja cestovného ruchu v EÚ pred pandémiou COVID |c Roman Lacko, Zuzana Hajduová, Pavol Andrejovský |
| 520 | |a Rozvoj cestovného ruchu v Európskej únii pred pandémiou COVID-19 a zhodnotenie vývoja vybraných indikátorov cestovného ruchu. Analýza možných spoločných trajektórií vývoja odvetvia cestovného ruchu pomocou korelačnej analýzy. | ||
| 610 | 2 | 0 | |a ruch cestovný |
| 610 | 2 | 0 | |a vývoj |
| 610 | 2 | 0 | |a koronavírus |
| 610 | 2 | 0 | |a Európska únia |
| 100 | 1 | |a Lacko, Roman, 1988- | |
| 700 | 1 | |a Hajduová, Zuzana, 1974- | |
| 700 | 1 | |a Andrejovský, Pavol, 1975- | |